000 00700nam a22002297a 4500
003 UA-OsUOA
001 39211
007 ta
008 20060613b un ||||| |||| 00| 0 ukr d
100 _aВульферт И.И.
090 _a81/25+821.112.2
_bВ88
942 _cBK
040 _aUA-OsUOA
_brus
_cUA-OsUOA
_dUA-OsUOA
245 _aПособие по переводу немецкого научно-технического текста
300 _a260 с.
955 _a2
041 _arus
080 _a81/25+821.112.2
260 _aМ.
_c1959
650 7 _a8 Мовознавство. Художня література. Літературознавство
_2UDC
999 _c325356
_d325356